[Event "DMP-III LIGA Senior PK 2020"]
[Site "Bystre"]
[Date "2020.07.09"]
[Round "2.21"]
[White "Chowaniec, Artur"]
[Black "Samek, Ryszard"]
[Result "1/2-1/2"]
[WhiteElo "1530"]
[BlackElo "1993"]
[Annotator "ChessBase"]
[PlyCount "36"]
[EventDate "2020.07.05"]
[EventType "team-tourn"]
[EventCountry "POL"]
[SourceTitle "playchess.com"]
[Source "ChessBase"]
[SourceQuality "1"]
[TimeControl "5400+30"]

1. e4 {[%emt 0:09:33]} e5 {[%emt 0:00:20]} 2. Nc3 {[%emt 0:00:04]} Nf6 {[%emt 0:00:37]} 3. Nf3 {[%emt 0:00:07]} Nc6 {[%emt 0:01:28]} 4. d4 {[%emt 0:00:56]} exd4 {[%emt 0:00:41]} 5. Nxd4 {[%emt 0:00:09]} Bb4 {[%emt 0:08:25]} 6. Nxc6 {[%emt 0:01:17]} bxc6 {[%emt 0:01:17]} 7. Bd3 {[%emt 0:00:13]} d5 {[%emt 0:02:18]} 8. exd5 {[%emt 0:00:16]} cxd5 {[%emt 0:10:38]} 9. O-O {[%emt 0:00:16]} O-O {[%emt 0:01:19]} 10. Bg5 {[%emt 0:00:09]} Bxc3 {[%emt 0:14:05]} 11. bxc3 {[%emt 0:01:35]} h6 {[%emt 0:01:17]} 12. Bh4 {[%emt 0:00:55]} Qd6 {[%emt 0:07:13]} 13. c4 {[%emt 0:01:08]} dxc4 {[%emt 0:13:06]} 14. Bxc4 {[%emt 0:00:20]} Qf4 {[%emt 0:00:48]} 15. Bxf6 {[%emt 0:01:39]} Qxf6 {[%emt 0:04:16]} 16. Re1 {[%emt 0:03:26]} Bf5 {[%emt 0:02:45]} 17. Qe2 {[%emt 0:45:58]} Qc6 {[%emt 0:23:08]} 18. Bd3 {[%emt 0:03:39]} Rae8 1/2-1/2

[Event "DMP-III LIGA Senior PK 2020"]
[Site "Bystre"]
[Date "2020.07.09"]
[Round "2.22"]
[White "Wojciechowski, Beniamin"]
[Black "Wrobel, Dariusz"]
[Result "1-0"]
[WhiteElo "1835"]
[BlackElo "1427"]
[Annotator "NA"]
[PlyCount "112"]
[EventDate "2020.07.05"]
[EventType "team-tourn"]
[EventCountry "POL"]
[SourceTitle "playchess.com"]
[Source "ChessBase"]
[SourceQuality "1"]
[TimeControl "5400+30"]

1. e4 e5 2. f4 d5 3. exd5 Qxd5 4. Nc3 Qe6 5. fxe5 Qxe5+ 6. Qe2 {C31: Falkbeer Counter Gambit: 3 exd5 c6 and 3...e4 sidelines..} Qxe2+ 7. Bxe2 c6 8. Nf3 Nf6 9. O-O Bd6 10. Bc4 O-O {[#]} 11. d4 $146 ({Predecessor:} 11. d3 a5 12. a4 Be6 13. Bxe6 fxe6 14. Ng5 Re8 15. Nge4 Be5 16. Rb1 Nd5 17. Ne2 Nd7 18. Bd2 b6 19. d4 {½-½ (19) Hintz,B-Hauck,B Hamburg 1999}) 11... Bf5 12. Bb3 Nbd7 13. Bg5 Bg6 14. Rae1 Rfe8 15. Nh4 Rxe1 16. Rxe1 Re8 17. Rxe8+ Nxe8 18. Nxg6 hxg6 19. Ne4 Bc7 20. Be7 Bf4 21. Ng5 Bxg5 22. Bxg5 Nef6 23. Kf1 Kf8 24. Ke2 Ne4 25. Bd8 Nd6 26. Kd3 Ke8 27. Bg5 f6 28. Bd2 c5 29. Bd5 cxd4 30. Kxd4 Nf5+ 31. Kc3 b6 32. g4 Ne7 33. Bf3 Ne5 34. Be2 Kd7 35. b4 Kd6 36. a4 Nd5+ $11 37. Kb2 Nc6 38. Ka3 g5 39. c4 Nf4 40. Bd1 Nd4 41. Be3 Ke5 42. Bf2 Ke4 43. h4 gxh4 44. Bxh4 g5 45. Bf2 Kd3 46. c5 bxc5 47. Bxd4 Kxd4 48. b5 Nd5 49. a5 c4 50. Bf3 Nc3 51. Kb4 Na2+ 52. Ka3 Nc3 53. Kb4 Nd5+ 54. Bxd5 Kxd5 55. b6 axb6 56. a6 Kc6 1-0

[Event "DMP-III LIGA Senior PK 2020"]
[Site "Bystre"]
[Date "2020.07.09"]
[Round "2.23"]
[White "Kielb, Miroslaw"]
[Black "Borukalo, Zdzislaw"]
[Result "1/2-1/2"]
[WhiteElo "1394"]
[BlackElo "1679"]
[Annotator "NA"]
[PlyCount "65"]
[EventDate "2020.07.05"]
[EventType "team-tourn"]
[EventCountry "POL"]
[SourceTitle "playchess.com"]
[Source "ChessBase"]
[SourceQuality "1"]
[TimeControl "5400+30"]

1. e4 {[%emt 0:00:00]} c5 {[%emt 0:00:00]} 2. Nf3 {[%emt 0:00:06]} Nc6 {[%emt 0:00:00]} 3. d4 {[%emt 0:00:26]} cxd4 {[%emt 0:00:00]} 4. Nxd4 {[%emt 0:00:10]} e5 {[%emt 0:00:00]} 5. Nb5 {[%emt 0:05:20]} d6 {[%emt 0:00:01]} 6. N1c3 {[%emt 0:04:40]} a6 {[%emt 0:00:12]} 7. Na3 {[%emt 0:00:30]} b5 {[%emt 0:00:16]} 8. Nd5 {[%emt 0:00:32]} Nf6 {[%emt 0:00:19]} 9. Bg5 {[%emt 0:04:53]} Be7 {[%emt 0:00:21]} 10. Bxf6 {[%emt 0:02:07]} Bxf6 {[%emt 0:00:08]} 11. Bd3 {[%emt 0:03:39]} Bg5 {[%emt 0:11:21]} 12. O-O {[%emt 0:00:59]} O-O {[%emt 0:02:44]} 13. c3 {[%emt 0:04:09]} g6 {[%emt 0:06:11]} 14. f4 {[%emt 0:02:22]} exf4 {[%emt 0:04:33]} 15. Nxf4 {[%emt 0:00:31]} Ne5 {[%emt 0:17:18]} 16. Nd5 {[%emt 0:02:15]} Be6 {[%emt 0:08:23]} 17. Nc2 {[%emt 0:03:47]} Bxd5 {[%emt 0:28:36]} 18. exd5 {[%emt 0:00:24]} Qd7 {[%emt 0:05:15]} 19. h3 {[%emt 0:06:11]} h5 {[%emt 0:03:39]} 20. Nd4 {[%emt 0:01:28]} Be3+ {[%emt 0:00:43]} 21. Kh1 {[%emt 0:00:22]} Bxd4 {[%emt 0:00:41]} 22. cxd4 {[%emt 0:00:10]} Nxd3 {[%emt 0:00:47]} 23. Qxd3 {[%emt 0:00:07]} Ra7 {[%emt 0:04:15]} 24. Rf6 {[%emt 0:10:40]} Kg7 {[%emt 0:02:50]} 25. Raf1 {[%emt 0:01:05]} a5 {[%emt 0:02:22]} 26. Qg3 {[%emt 0:01:19]} Ra6 {[%emt 0:00:33]} 27. Qg5 {[%emt 0:03:46]} Raa8 {[%emt 0:00:55]} 28. R1f4 {[%emt 0:04:13]} Rac8 {[%emt 0:01:02]} 29. Rh4 {[%emt 0:01:58]} Rh8 {[%emt 0:00:32]} 30. Rhf4 {[%emt 0:01:28]} Rhf8 {[%emt 0:00:28]} 31. Rh4 {[%emt 0:05:16]} Rh8 {[%emt 0:00:06]} 32. Rhf4 {[%emt 0:02:33]} Rhf8 {[%emt 0:00:06]} 33. Rf2 1/2-1/2

[Event "DMP-III LIGA Senior PK 2020"]
[Site "Bystre"]
[Date "2020.07.09"]
[Round "2.24"]
[White "Krzysztynska, Anna"]
[Black "Wolak, Julia"]
[Result "1-0"]
[WhiteElo "1857"]
[BlackElo "1516"]
[Annotator "NA"]
[PlyCount "69"]
[EventDate "2020.07.05"]
[EventType "team-tourn"]
[EventCountry "POL"]
[SourceTitle "playchess.com"]
[Source "ChessBase"]
[SourceQuality "1"]
[TimeControl "5400+30"]

1. e4 {[%emt 0:00:00]} c5 {[%emt 0:00:00]} 2. c3 {[%emt 0:00:00]} g6 {[%emt 0:00:24]} 3. d4 {[%emt 0:00:43]} cxd4 {[%emt 0:00:45]} 4. cxd4 {[%emt 0:00:09]} d6 {[%emt 0:03:32]} 5. Nc3 {[%emt 0:01:40]} Bg7 {[%emt 0:03:09]} 6. Bc4 {[%emt 0:01:09]} Nf6 {[%emt 0:01:07]} 7. Nge2 {[%emt 0:03:48]} Nc6 {[%emt 0:05:40]} 8. Bb3 {[%emt 0:01:50]} Bg4 {[%emt 0:01:51]} 9. Be3 {[%emt 0:02:15]} a6 {[%emt 0:06:56]} 10. h3 {[%emt 0:03:34]} Bd7 {[%emt 0:02:08]} 11. O-O {[%emt 0:01:08]} O-O {[%emt 0:06:08]} 12. f4 {[%emt 0:04:06]} Na5 {[%emt 0:01:27]} 13. Bc2 {[%emt 0:08:52]} Nc4 {[%emt 0:01:10]} 14. Bc1 {[%emt 0:02:10]} b5 {[%emt 0:05:08]} 15. e5 {[%emt 0:07:37]} Ne8 {[%emt 0:03:47]} 16. Be4 {[%emt 0:04:55]} Rb8 {[%emt 0:00:20]} 17. b3 $11 {[%emt 0:04:19]} Nb6 {[%emt 0:06:11]} 18. Be3 {[%emt 0:06:18]} b4 {[%emt 0:06:55]} 19. Nd5 {[%emt 0:08:38]} Nxd5 {[%emt 0:00:36]} 20. Bxd5 {[%emt 0:00:06]} e6 {[%emt 0:04:26]} 21. Bc4 {[%emt 0:03:21]} Qb6 {[%emt 0:01:57]} 22. Qd2 {[%emt 0:04:40]} d5 {[%emt 0:00:48]} 23. Bd3 {[%emt 0:00:09]} Nc7 {[%emt 0:15:35]} 24. g4 {[%emt 0:02:12]} a5 {[%emt 0:04:18]} 25. f5 {[%emt 0:03:36]} Rfc8 {[%emt 0:00:21]} 26. f6 {[%emt 0:00:43]} Bh8 {[%emt 0:02:05]} 27. h4 {[%emt 0:03:59]} Bb5 {[%emt 0:02:15]} 28. Bc2 {[%emt 0:04:08]} Bxe2 {[%emt 0:00:43]} 29. Qxe2 {[%emt 0:00:06]} Nb5 {[%emt 0:00:08]} 30. Bd3 {[%emt 0:00:35]} Rc3 {[%emt 0:01:52]} 31. Bxb5 {[%emt 0:00:53]} Qxb5 {[%emt 0:00:25]} 32. Qxb5 {[%emt 0:00:08]} Rxb5 {[%emt 0:00:04]} 33. Rac1 {[%emt 0:00:27]} Rbc5 {[%emt 0:01:05]} 34. dxc5 {[%emt 0:00:21]} Rxe3 {[%emt 0:00:09]} 35. c6 {[%emt 0:01:13]} 1-0

[Event "DMP-III LIGA Senior PK 2020"]
[Site "Bystre"]
[Date "2020.07.09"]
[Round "2.25"]
[White "Lorenc, Marian"]
[Black "Marut, Leszek"]
[Result "1/2-1/2"]
[WhiteElo "2124"]
[BlackElo "1863"]
[Annotator "ChessBase"]
[PlyCount "68"]
[EventDate "2020.07.05"]
[EventType "team-tourn"]
[EventCountry "POL"]
[SourceTitle "playchess.com"]
[Source "ChessBase"]
[SourceQuality "1"]
[TimeControl "5400+30"]

1. e4 {[%emt 0:00:28]} d5 {[%emt 0:00:31]} 2. exd5 {[%emt 0:00:12]} Nf6 {[%emt 0:00:05]} 3. d4 {[%emt 0:02:14]} Nxd5 {[%emt 0:00:07]} 4. c4 {[%emt 0:02:56]} Nb6 {[%emt 0:02:19]} 5. Nc3 {[%emt 0:04:11]} e5 {[%emt 0:01:23]} 6. dxe5 {[%emt 0:10:30]} Qxd1+ {[%emt 0:00:46]} 7. Kxd1 {[%emt 0:01:42]} Be6 {[%emt 0:01:16]} 8. b3 {[%emt 0:02:06]} Nc6 {[%emt 0:00:22]} 9. Nf3 {[%emt 0:01:08]} O-O-O+ {[%emt 0:01:58]} 10. Kc2 {[%emt 0:03:55]} Bc5 {[%emt 0:22:25]} 11. Be3 {[%emt 0:05:56]} Bf5+ {[%emt 0:09:16]} 12. Kb2 {[%emt 0:00:32]} Bxe3 {[%emt 0:01:50]} 13. fxe3 {[%emt 0:00:07]} Bg4 {[%emt 0:03:14]} 14. Rd1 {[%emt 0:08:08]} Rxd1 {[%emt 0:08:47]} 15. Nxd1 {[%emt 0:01:05]} Rd8 {[%emt 0:10:26]} 16. Be2 {[%emt 0:06:32]} Nxe5 {[%emt 0:14:28]} 17. Kc3 {[%emt 0:03:14]} Nbd7 {[%emt 0:03:34]} 18. Nf2 {[%emt 0:02:17]} f6 {[%emt 0:02:53]} 19. h3 {[%emt 0:02:06]} Nxf3 {[%emt 0:01:54]} 20. Nxg4 {[%emt 0:09:49]} Ng5 {[%emt 0:01:22]} 21. Bd3 {[%emt 0:03:38]} Re8 {[%emt 0:04:29]} 22. Re1 {[%emt 0:05:58]} Ne4+ {[%emt 0:01:22]} 23. Bxe4 {[%emt 0:01:50]} Rxe4 {[%emt 0:00:05]} 24. Nf2 {[%emt 0:01:17]} Re7 {[%emt 0:00:08]} 25. Nd3 {[%emt 0:00:30]} Ne5 {[%emt 0:01:18]} 26. Nf4 {[%emt 0:00:57]} c6 {[%emt 0:00:09]} 27. b4 {[%emt 0:04:24]} Ng6 {[%emt 0:01:48]} 28. Nxg6 {[%emt 0:03:51]} hxg6 {[%emt 0:00:06]} 29. Kd3 {[%emt 0:00:53]} Kc7 {[%emt 0:00:23]} 30. a4 {[%emt 0:00:45]} Kd6 {[%emt 0:02:49]} 31. Kd4 {[%emt 0:02:54]} c5+ 32. bxc5+ Kc6 33. Rb1 Rd7+ 34. Ke4 Kxc5 1/2-1/2

[Event "DMP-III LIGA Senior PK 2020"]
[Site "Bystre"]
[Date "2020.07.09"]
[Round "2.26"]
[White "Dobrzanski, Krzysztof"]
[Black "Marciniak, Leonard"]
[Result "0-1"]
[WhiteElo "1722"]
[BlackElo "1672"]
[Annotator "NA"]
[PlyCount "104"]
[EventDate "2020.07.05"]
[EventType "team-tourn"]
[EventCountry "POL"]
[SourceTitle "playchess.com"]
[Source "ChessBase"]
[SourceQuality "1"]
[TimeControl "5400+30"]

1. d4 {[%emt 0:00:00]} Nf6 {[%emt 0:00:00]} 2. Nf3 {[%emt 0:00:05]} d5 {[%emt 0:02:25]} 3. e3 {[%emt 0:00:27]} c5 {[%emt 0:00:27]} 4. c3 {[%emt 0:00:19]} cxd4 {[%emt 0:03:35]} 5. exd4 {[%emt 0:00:12]} Bg4 {[%emt 0:02:46]} 6. Bd3 {[%emt 0:02:16]} e6 {[%emt 0:00:46]} 7. Nbd2 {[%emt 0:00:37]} Nc6 {[%emt 0:00:40]} 8. O-O {[%emt 0:00:51]} Be7 {[%emt 0:01:45]} 9. Qa4 {[%emt 0:07:01]} O-O {[%emt 0:01:39]} 10. Ne5 {[%emt 0:02:21]} Qc7 {[%emt 0:02:25]} 11. Nxg4 {[%emt 0:08:05]} Nxg4 {[%emt 0:00:02]} 12. Nf3 {[%emt 0:00:37]} Bd6 {[%emt 0:05:42]} 13. h3 {[%emt 0:03:10]} Nh2 {[%emt 0:02:15]} 14. Nxh2 {[%emt 0:01:32]} Bxh2+ {[%emt 0:00:51]} 15. Kh1 {[%emt 0:00:03]} Bf4 {[%emt 0:04:11]} 16. Qc2 {[%emt 0:01:15]} g6 {[%emt 0:00:15]} 17. Qe2 {[%emt 0:03:17]} a6 {[%emt 0:09:11]} 18. Qg4 {[%emt 0:02:33]} Bxc1 {[%emt 0:01:04]} 19. Raxc1 {[%emt 0:00:47]} Ne7 {[%emt 0:10:06]} 20. Qg5 {[%emt 0:03:40]} Qd7 {[%emt 0:02:38]} 21. Rfe1 {[%emt 0:03:06]} Rae8 {[%emt 0:05:20]} 22. Re2 {[%emt 0:10:37]} Nf5 {[%emt 0:08:05]} 23. Rce1 {[%emt 0:03:48]} Nd6 {[%emt 0:03:28]} 24. h4 {[%emt 0:05:31]} Qd8 {[%emt 0:03:16]} 25. Qxd8 {[%emt 0:01:39]} Rxd8 {[%emt 0:00:02]} 26. Kg1 {[%emt 0:00:36]} Kg7 {[%emt 0:03:06]} 27. g3 {[%emt 0:00:52]} h5 {[%emt 0:00:27]} 28. Kg2 {[%emt 0:00:30]} b5 {[%emt 0:03:34]} 29. Rc2 {[%emt 0:08:45]} Rc8 {[%emt 0:01:05]} 30. Rec1 {[%emt 0:01:06]} Rc6 {[%emt 0:00:33]} 31. Kf3 {[%emt 0:00:50]} Rfc8 {[%emt 0:03:44]} 32. Ke2 {[%emt 0:01:25]} f6 {[%emt 0:04:04]} 33. Kd2 {[%emt 0:01:47]} e5 {[%emt 0:01:12]} 34. f3 {[%emt 0:06:12]} e4 {[%emt 0:01:15]} 35. fxe4 {[%emt 0:02:01]} dxe4 {[%emt 0:00:02]} 36. Be2 {[%emt 0:00:22]} Nf5 {[%emt 0:06:12]} 37. Rg1 {[%emt 0:01:22]} Nxd4 {[%emt 0:00:08]} 38. Rcc1 {[%emt 0:01:05]} Nxe2 {[%emt 0:01:15]} 39. Kxe2 {[%emt 0:00:08]} Rd6 {[%emt 0:01:20]} 40. Rgd1 {[%emt 0:06:01]} Rcd8 {[%emt 0:00:31]} 41. Rxd6 {[%emt 0:00:26]} Rxd6 {[%emt 0:00:06]} 42. c4 {[%emt 0:00:15]} bxc4 {[%emt 0:00:44]} 43. Rxc4 {[%emt 0:00:11]} f5 {[%emt 0:00:12]} 44. Rc3 {[%emt 0:01:23]} Kf6 {[%emt 0:00:24]} 45. b4 {[%emt 0:00:23]} g5 {[%emt 0:00:47]} 46. a4 {[%emt 0:00:22]} Rb6 {[%emt 0:01:08]} 47. Rc5 {[%emt 0:02:01]} gxh4 {[%emt 0:00:30]} 48. gxh4 {[%emt 0:00:07]} Rxb4 {[%emt 0:01:36]} 49. Rc6+ {[%emt 0:00:05]} Ke5 {[%emt 0:00:09]} 50. Rxa6 {[%emt 0:00:05]} Rb2+ {[%emt 0:00:31]} 51. Ke1 {[%emt 0:00:43]} Kf4 {[%emt 0:01:42]} 52. a5 {[%emt 0:00:39]} Ke3 {[%emt 0:00:48]} 0-1

[Event "DMP-III LIGA Senior PK 2020"]
[Site "Bystre"]
[Date "2020.07.09"]
[Round "2.27"]
[White "Klok, Kacper"]
[Black "Palacki, Rafal"]
[Result "0-1"]
[WhiteElo "1463"]
[BlackElo "1755"]
[Annotator "NA"]
[PlyCount "50"]
[EventDate "2020.07.05"]
[EventType "team-tourn"]
[EventCountry "POL"]
[SourceTitle "playchess.com"]
[Source "ChessBase"]
[SourceQuality "1"]
[TimeControl "5400+30"]

1. d4 {[%emt 0:00:00]} Nf6 {[%emt 0:00:00]} 2. c4 {[%emt 0:01:11]} e6 {[%emt 0:00:22]} 3. Nc3 {[%emt 0:02:37]} Bb4 {[%emt 0:00:08]} 4. Nf3 {[%emt 0:00:17]} d5 {[%emt 0:01:21]} 5. Bg5 {[%emt 0:02:03]} Nbd7 {[%emt 0:03:36]} 6. e3 {[%emt 0:02:45]} O-O {[%emt 0:02:30]} 7. Bd3 {[%emt 0:02:55]} dxc4 {[%emt 0:03:26]} 8. Bxc4 {[%emt 0:00:22]} c5 {[%emt 0:00:16]} 9. Qc2 {[%emt 0:01:14]} Qa5 {[%emt 0:09:51]} 10. Bd3 {[%emt 0:08:39]} h6 {[%emt 0:09:53]} 11. Bxf6 {[%emt 0:14:33]} Nxf6 {[%emt 0:01:25]} 12. O-O {[%emt 0:20:34]} cxd4 {[%emt 0:03:19]} 13. exd4 {[%emt 0:01:27]} Bd7 {[%emt 0:01:38]} 14. a3 {[%emt 0:08:38]} Be7 {[%emt 0:07:11]} 15. Ne5 {[%emt 0:01:39]} Rac8 {[%emt 0:03:42]} 16. Qe2 {[%emt 0:01:25]} Rfd8 {[%emt 0:03:13]} 17. Rac1 {[%emt 0:00:42]} Bc6 {[%emt 0:03:08]} 18. Rfd1 {[%emt 0:01:56]} Ba4 {[%emt 0:07:54]} 19. Re1 {[%emt 0:00:14]} Bb3 {[%emt 0:09:58]} 20. Nc4 {[%emt 0:05:09]} Qg5 {[%emt 0:05:39]} 21. Nd2 {[%emt 0:02:07]} Bd5 {[%emt 0:02:13]} 22. Nde4 {[%emt 0:05:24]} Bxe4 {[%emt 0:05:37]} 23. Nxe4 {[%emt 0:00:10]} Qxc1 {[%emt 0:00:33]} 24. Nxf6+ {[%emt 0:00:22]} Bxf6 {[%emt 0:00:28]} 25. Qe4 {[%emt 0:00:08]} Qd2 {[%emt 0:01:28]} 0-1

[Event "DMP-III LIGA Senior PK 2020"]
[Site "Bystre"]
[Date "2020.07.09"]
[Round "2.29"]
[White "Karas, Kacper"]
[Black "Materniak, Aleksander"]
[Result "1/2-1/2"]
[WhiteElo "1150"]
[BlackElo "1660"]
[Annotator "NA"]
[PlyCount "129"]
[EventDate "2020.07.05"]
[EventType "team-tourn"]
[EventCountry "POL"]
[SourceTitle "playchess.com"]
[Source "ChessBase"]
[SourceQuality "1"]
[TimeControl "5400+30"]

1. c4 {[%emt 0:00:00]} e5 {[%emt 0:00:00]} 2. g3 {[%emt 0:00:00]} Nf6 {[%emt 0:00:19]} 3. Bg2 {[%emt 0:00:00]} Bc5 {[%emt 0:01:27]} 4. Nc3 {[%emt 0:00:12]} O-O {[%emt 0:01:48]} 5. e3 {[%emt 0:00:59]} c6 {[%emt 0:02:37]} 6. Nge2 {[%emt 0:00:42]} d5 {[%emt 0:01:32]} 7. cxd5 {[%emt 0:00:08]} cxd5 {[%emt 0:00:26]} 8. d4 {[%emt 0:00:11]} exd4 {[%emt 0:01:39]} 9. Nxd4 {[%emt 0:00:44]} Nc6 {[%emt 0:01:30]} 10. Nxc6 {[%emt 0:10:03]} bxc6 {[%emt 0:00:17]} 11. Qa4 {[%emt 0:05:01]} Qb6 {[%emt 0:06:07]} 12. O-O {[%emt 0:01:10]} Re8 {[%emt 0:03:26]} 13. a3 {[%emt 0:01:13]} Bf5 {[%emt 0:04:37]} 14. Qf4 {[%emt 0:12:53]} Bc2 {[%emt 0:07:51]} 15. Na4 {[%emt 0:07:50]} Bxa4 {[%emt 0:01:39]} 16. Qxa4 {[%emt 0:01:56]} Ne4 {[%emt 0:02:44]} 17. b4 {[%emt 0:02:52]} Bd6 {[%emt 0:02:19]} 18. Bb2 {[%emt 0:03:24]} a5 {[%emt 0:11:28]} 19. Bd4 {[%emt 0:07:42]} Qc7 {[%emt 0:06:17]} 20. Rfc1 {[%emt 0:02:39]} Rec8 {[%emt 0:08:04]} 21. Bxe4 {[%emt 0:04:53]} axb4 {[%emt 0:03:52]} 22. Bxh7+ {[%emt 0:02:41]} Kxh7 {[%emt 0:00:28]} 23. Qc2+ {[%emt 0:02:40]} Kg8 {[%emt 0:00:15]} 24. axb4 {[%emt 0:01:23]} Rxa1 {[%emt 0:00:27]} 25. Rxa1 {[%emt 0:01:20]} Bxb4 {[%emt 0:04:04]} 26. Ra7 {[%emt 0:00:50]} Qd6 {[%emt 0:00:51]} 27. Qf5 {[%emt 0:02:12]} Rf8 {[%emt 0:04:32]} 28. Qg5 {[%emt 0:03:48]} Qh6 {[%emt 0:01:53]} 29. Qxh6 {[%emt 0:05:41]} gxh6 {[%emt 0:00:08]} 30. Rc7 {[%emt 0:00:44]} Re8 {[%emt 0:05:14]} 31. Rxc6 {[%emt 0:01:35]} Re6 {[%emt 0:00:12]} 32. Rc8+ {[%emt 0:04:28]} Kh7 {[%emt 0:00:23]} 33. Rh8+ {[%emt 0:00:42]} Kg6 {[%emt 0:00:03]} 34. Rg8+ {[%emt 0:00:15]} Kf5 {[%emt 0:03:20]} 35. f3 {[%emt 0:03:47]} Rg6 {[%emt 0:03:18]} 36. Re8 {[%emt 0:01:21]} Re6 {[%emt 0:00:41]} 37. Rg8 {[%emt 0:01:35]} Rg6 {[%emt 0:00:10]} 38. g4+ {[%emt 0:01:04]} Ke6 {[%emt 0:03:30]} 39. Rb8 {[%emt 0:02:36]} Bd6 {[%emt 0:00:37]} 40. Rb6 {[%emt 0:00:09]} Kd7 {[%emt 0:01:06]} 41. h4 {[%emt 0:00:36]} f5 {[%emt 0:02:29]} 42. Be5 {[%emt 0:02:08]} fxg4 {[%emt 0:03:48]} 43. Rxd6+ {[%emt 0:00:17]} Rxd6 {[%emt 0:00:04]} 44. Bxd6 {[%emt 0:00:12]} Kxd6 {[%emt 0:00:02]} 45. fxg4 {[%emt 0:00:05]} Ke5 {[%emt 0:02:05]} 46. Kf2 {[%emt 0:01:33]} Ke4 {[%emt 0:01:24]} 47. Ke2 {[%emt 0:00:15]} d4 {[%emt 0:00:59]} 48. exd4 {[%emt 0:00:09]} Kxd4 {[%emt 0:00:22]} 49. Kf3 {[%emt 0:00:36]} Ke5 {[%emt 0:00:58]} 50. Ke3 {[%emt 0:00:26]} Ke6 {[%emt 0:00:36]} 51. Ke4 {[%emt 0:01:04]} Kf7 {[%emt 0:00:54]} 52. Kf5 {[%emt 0:01:40]} Kg7 {[%emt 0:00:12]} 53. Ke6 {[%emt 0:01:35]} Kg6 {[%emt 0:00:21]} 54. Ke5 {[%emt 0:00:30]} Kg7 {[%emt 0:00:29]} 55. g5 {[%emt 0:00:56]} hxg5 {[%emt 0:00:39]} 56. hxg5 {[%emt 0:00:07]} Kg6 {[%emt 0:00:25]} 57. Kf4 {[%emt 0:00:10]} Kg7 {[%emt 0:00:27]} 58. Kf5 {[%emt 0:01:49]} Kf7 {[%emt 0:00:23]} 59. g6+ {[%emt 0:00:14]} Kg7 {[%emt 0:00:30]} 60. Kg5 {[%emt 0:00:11]} Kg8 {[%emt 0:00:30]} 61. Kf4 {[%emt 0:01:50]} Kg7 {[%emt 0:00:28]} 62. Kf5 {[%emt 0:00:09]} Kg8 {[%emt 0:00:12]} 63. Kf6 {[%emt 0:00:53]} Kf8 {[%emt 0:00:14]} 64. Ke6 {[%emt 0:00:13]} Kg7 {[%emt 0:00:33]} 65. Kf5 {[%emt 0:00:04]} 1/2-1/2

[Event "DMP-III LIGA Senior PK 2020"]
[Site "Bystre"]
[Date "2020.07.09"]
[Round "2.30"]
[White "Tarsa, Joanna"]
[Black "Uliasz, Katarzyna"]
[Result "0-1"]
[WhiteElo "1574"]
[BlackElo "1386"]
[Annotator "NA"]
[PlyCount "78"]
[EventDate "2020.07.05"]
[EventType "team-tourn"]
[EventCountry "POL"]
[SourceTitle "playchess.com"]
[Source "ChessBase"]
[SourceQuality "1"]
[TimeControl "5400+30"]

1. e4 {[%emt 0:00:00]} c5 {[%emt 0:00:00]} 2. Nf3 {[%emt 0:00:00]} d6 {[%emt 0:00:00]} 3. d4 {[%emt 0:00:00]} cxd4 {[%emt 0:00:00]} 4. Nxd4 {[%emt 0:00:00]} Nf6 {[%emt 0:00:00]} 5. Nc3 {[%emt 0:00:07]} g6 {[%emt 0:00:02]} 6. Bc4 {[%emt 0:00:10]} Bg7 {[%emt 0:00:06]} 7. Be3 {[%emt 0:00:04]} O-O {[%emt 0:00:09]} 8. O-O {[%emt 0:00:11]} Nc6 {[%emt 0:00:21]} 9. Bb3 {[%emt 0:03:51]} Ng4 {[%emt 0:07:45]} 10. Nxc6 {[%emt 0:03:50]} bxc6 {[%emt 0:00:09]} 11. Bd2 {[%emt 0:00:57]} Qc7 {[%emt 0:10:53]} 12. h3 {[%emt 0:05:45]} Nf6 {[%emt 0:01:05]} 13. Rb1 {[%emt 0:03:27]} Rd8 {[%emt 0:05:15]} 14. Qe2 {[%emt 0:13:38]} e5 {[%emt 0:11:48]} 15. Rfe1 {[%emt 0:10:38]} Nh5 {[%emt 0:05:45]} 16. Qf3 {[%emt 0:06:50]} Rd7 {[%emt 0:11:04]} 17. Bg5 {[%emt 0:06:05]} h6 {[%emt 0:01:23]} 18. Bd2 {[%emt 0:00:20]} Kh7 {[%emt 0:03:10]} 19. Ne2 {[%emt 0:08:07]} Bb7 {[%emt 0:01:55]} 20. c4 {[%emt 0:04:08]} Rf8 {[%emt 0:00:46]} 21. g4 {[%emt 0:04:31]} Nf6 {[%emt 0:00:16]} 22. Ng3 {[%emt 0:00:49]} d5 {[%emt 0:04:18]} 23. cxd5 {[%emt 0:08:03]} cxd5 {[%emt 0:00:10]} 24. exd5 {[%emt 0:01:47]} Nxd5 {[%emt 0:00:49]} 25. Bxd5 {[%emt 0:00:48]} Bxd5 {[%emt 0:00:12]} 26. Qc3 {[%emt 0:00:18]} Bxa2 {[%emt 0:09:38]} 27. Ra1 {[%emt 0:01:07]} Bd5 {[%emt 0:03:43]} 28. Ra5 {[%emt 0:01:33]} Qb7 {[%emt 0:01:44]} 29. Qb4 {[%emt 0:02:00]} Qa8 {[%emt 0:01:40]} 30. Bc3 {[%emt 0:04:19]} Re8 {[%emt 0:02:53]} 31. Qa4 {[%emt 0:03:48]} Ree7 {[%emt 0:00:47]} 32. Bxe5 {[%emt 0:01:08]} Qe8 {[%emt 0:04:53]} 33. f4 {[%emt 0:02:32]} f6 {[%emt 0:00:15]} 34. Rd1 {[%emt 0:00:19]} Bc6 {[%emt 0:02:52]} 35. Qc2 {[%emt 0:00:11]} Rxd1+ {[%emt 0:00:16]} 36. Qxd1 {[%emt 0:00:03]} fxe5 {[%emt 0:00:15]} 37. fxe5 {[%emt 0:00:42]} Rxe5 {[%emt 0:00:28]} 38. Rxe5 {[%emt 0:00:14]} Qxe5 {[%emt 0:00:13]} 39. Qb3 {[%emt 0:01:46]} Qe1+ {[%emt 0:01:31]} 0-1

[Event "DMP-III LIGA Senior PK 2020"]
[Site "Bystre"]
[Date "2020.07.09"]
[Round "3.1"]
[White "Marut, Leszek"]
[Black "Stefanski, Robert"]
[Result "1/2-1/2"]
[WhiteElo "1863"]
[BlackElo "1649"]
[Annotator "NA RC"]
[PlyCount "39"]
[EventDate "2020.07.05"]
[EventType "team-tourn"]
[EventCountry "POL"]
[SourceTitle "playchess.com"]
[Source "ChessBase"]
[SourceQuality "1"]
[TimeControl "5400+30"]

1. d4 {[%emt 0:00:00]} d5 {[%emt 0:01:13]} 2. Nf3 {[%emt 0:00:00]} e6 {[%emt 0:00:23]} 3. e3 {[%emt 0:03:52]} Nf6 {[%emt 0:00:13]} 4. Bd3 {[%emt 0:00:49]} c5 {[%emt 0:00:15]} 5. c3 {[%emt 0:00:07]} Nc6 {[%emt 0:00:55]} 6. Nbd2 {[%emt 0:00:31]} Bd6 {[%emt 0:02:06]} 7. O-O {[%emt 0:00:15]} O-O {[%emt 0:02:26]} 8. Qe2 {[%emt 0:00:34]} e5 {[%emt 0:12:05]} 9. dxc5 {[%emt 0:03:18]} Bxc5 {[%emt 0:00:14]} 10. e4 {[%emt 0:00:13]} d4 {[%emt 0:11:16]} 11. Nb3 {[%emt 0:02:39]} Bb6 {[%emt 0:01:00]} 12. cxd4 {[%emt 0:10:28]} Nxd4 {[%emt 0:01:28]} 13. Nbxd4 {[%emt 0:02:11]} Bxd4 {[%emt 0:00:11]} 14. Nxd4 {[%emt 0:02:52]} Qxd4 {[%emt 0:05:57]} 15. Be3 {[%emt 0:02:42]} Qd6 {[%emt 0:03:28]} 16. Rac1 {[%emt 0:03:04]} b6 {[%emt 0:00:48]} 17. Rfd1 {[%emt 0:01:03]} Bb7 {[%emt 0:06:06]} 18. f3 {[%emt 0:02:19]} Rac8 {[%emt 0:07:36]} 19. Bc4 {[%emt 0:04:27]} Qe7 {[%emt 0:01:34]} 20. Ra1 1/2-1/2